000 01288nam a2200349 a 4500
001 000112274
003 CHAP
005 20220329144254.0
008 160120s2015 mx a fsm |||||||spa d
010 _a108735
011 _a109707
040 _cCHAP
090 _aTesis
100 1 _aGallegos Gallegos, Leidy Liliana
_9130505
245 1 0 _aCaracterizacion de la flora de Tumbiscatío Michoacán, México/
_h[En línea]
_cLeidy Liliana Gallegos Gallegos.
260 _aChapingo, Méx. :
_bEl autor,
_c2015.
500 _aPara ver el contenido del material haga clic en la liga
502 _aTesis (Ing. en Recursos Naturales Renovables) -- UACH. Departamento de Selos
590 _aE11695DGD
_b10
_c20160127
_lUCH01
_h1312
590 _aE11695DGD
_b10
_c20160212
_lUCH01
_h0851
590 _aE5995AHE
_b05
_c20160120
_lUCH01
_h1410
590 _aE5995AHE
_b05
_c20160120
_lUCH01
_h1410
590 _aE5995AHE
_b05
_c20160120
_lUCH01
_h1414
590 _aE5995AHE
_b05
_c20160121
_lUCH01
_h1411
590 _aE5995AHE
_b05
_c20160121
_lUCH01
_h1415
650 1 4 _aBotánica
_xMichoacán.
_914589
650 1 4 _aVida silvestre
_xConservación
_zMichoacán.
_9130488
856 _3Finding aid
_uhttp://10.13.5.2/tesis/sist112274.pdf
_zTeclea aquí
901 _aBK
942 _cTESIS
942 _n0
999 _c108735
_d108735